BHARAT KA SANVIDHAN:EK PARICHAY (Record no. 26183)

MARC details
000 -LEADER
fixed length control field 00353nam a22001457a 4500
003 - CONTROL NUMBER IDENTIFIER
control field SGT
020 ## - INTERNATIONAL STANDARD BOOK NUMBER
International Standard Book Number 9788120348844
082 ## - DEWEY DECIMAL CLASSIFICATION NUMBER
Classification number 342.0954
Item number B14S
100 ## - MAIN ENTRY--PERSONAL NAME
Personal name SHARMA, BRIJKISHORE
245 ## - TITLE STATEMENT
Title BHARAT KA SANVIDHAN:EK PARICHAY
260 ## - PUBLICATION, DISTRIBUTION, ETC. (IMPRINT)
Place of publication, distribution, etc INDIA
Name of publisher, distributor, etc PHI LEARNING & PVT. LTD.
Year of Publication 2014
300 ## - PAGE DESCRIPTION
No. of Pages 465
650 ## - SUBJECT ADDED ENTRY--TOPICAL TERM
Topical term or geographic name as entry element INDIAN CONSTITUTION
942 ## - ADDED ENTRY ELEMENTS (KOHA)
Source of classification or shelving scheme Dewey Decimal Classification
Koha item type Books
Holdings
Withdrawn status Lost status Source of classification or shelving scheme Damaged status Not for loan Home library Current library Shelving location Date acquired Vendor Name Cost, normal purchase price SGTU Total Checkouts Full call number Accession No. (Barcode) Date last seen Bill Date Koha item type
    Dewey Decimal Classification   Not For Loan SGT Chancellor's Library SGT Chancellor's Library Reference Book 22/04/2024 SGT CHANCELLOR'S COLLECTION 325.00 SGTU   342.0954 B14S CH396 22/04/2024 22/04/2024 Books